Qualitative online interviews: strategies, design, and skills

Saved in:
Bibliographic Details
Main Author: SALMONS, Janet
Format: Book
Language:English
Published: SAGE , 2014
Tags: Add Tag
No Tags, Be the first to tag this record!

MARC

LEADER 00000nam a22000007a 4500
008 210806b ||||| |||| 00| 0 eng d
020 |a ISBN: 978-1-4833-3267-3 
100 |a SALMONS, Janet. 
245 |a Qualitative online interviews:  |b  strategies, design, and skills  |c  Janet Salmons  |g xxv, 292p.; ill. 
250 |b  2nd ed.-   |c  Janet Salmons 
260 |b  SAGE  |c , 2014  |h . Los Angeles  |i 692028 – Soc. Sci  |i  692029  |l H61.28 .Sa2  |m 1. Interviewing  |m 2. Telematics  |m 3. Online chat groups  |m 4. Research methodology  |m 5 Real-time data processing  |m 6. Telecommunication   |m  I Titles 
500 |a “It includes references and index” 
942 |a ddc  |c BK  |e j. o. ifatola  |f 06/ 08/ 2021 
952 |0 0  |1 0  |2 lcc  |4 0  |6 H006128 S A2  |7 0  |9 2945  |a SSL  |b HOL  |c GJ  |d 2021-08-06  |l 0  |o H61.28 .Sa2  |p 2021-66621  |r 2021-08-06 00:00:00  |w 2021-08-06  |y BK 
952 |0 0  |1 0  |2 lcc  |4 0  |6 H006128 S A2  |7 0  |9 2946  |a SSL  |b HOL  |c GJ  |d 2021-08-06  |l 0  |o H61.28 .Sa2  |p 2021-66622  |r 2021-08-06 00:00:00  |w 2021-08-06  |y BK 
999 |c 1492  |d 1492